[Event "HUN-chT2 Breyer 1617"]
[Site "Hungary"]
[Date "2016.11.13"]
[Round "2.9"]
[White "Szinavel, Zsolt"]
[Black "Andahazy, Kolos"]
[Result "1-0"]
[WhiteElo "2059"]
[BlackElo "1887"]
[PlyCount "120"]
[EventDate "2016.10.30"]
[EventType "team-tourn"]
[EventRounds "9"]
[EventCountry "HUN"]
[SourceTitle "EXT 2021"]
[Source "ChessBase"]
[SourceDate "2020.10.23"]
[SourceVersion "1"]
[SourceVersionDate "2020.10.23"]
[SourceQuality "1"]
[WhiteTeam "Kisber Aszar"]
[BlackTeam "Paty"]
[WhiteTeamCountry "HUN"]
[BlackTeamCountry "HUN"]

1. Nf3 Nf6 2. c4 g6 3. g3 Bg7 4. Bg2 d5 5. 0-0 0-0 6. cxd5 Nxd5 7. Nc3 c6 8. d4 Bg4 9. Qb3 Nb6 10. Rd1 Bxf3 11. Bxf3 e6 12. a4 Qe7 13. e4 Na6 14. a5 Nc8 15. Be3 Qb4 16. Qc2 Qe7 17. e5 Nb4 18. Qd2 a6 19. Ne4 Nd5 20. Bg5 f6 21. exf6 Bxf6 22. Nxf6+ Nxf6 23. Re1 Qf7 24. Bxf6 Qxf6 25. Bg4 Re8 26. Ra3 Nd6 27. Rf3 Nf5 28. Bxf5 exf5 29. Rfe3 Rxe3 30. Qxe3 Rd8 31. Qb3+ Qf7 32. Qb4 Rd7 33. f4 Kg7 34. Re5 Kg8 35. Kf2 Qf8 36. Qxf8+ Kxf8 37. Ke3 Kf7 38. Kd3 Rd6 39. Kc4 Rd7 40. Kc5 Kf8 41. b4 Kf7 42. d5 Rxd5+ 43. Rxd5 cxd5 44. Kxd5 Ke7 45. Ke5 Kd7 46. Kf6 Kc6 47. Kg7 Kb5 48. Kxh7 Kxb4 49. Kxg6 Kxa5 50. h4 b5 51. h5 b4 52. h6 b3 53. h7 b2 54. h8Q b1Q 55. Qe5+ Ka4 56. Qxf5 Qxf5+ 57. Kxf5 Kb5 58. Ke4 Kc4 59. f5 a5 60. f6 a4 1-0

[Event "HUN-chT2 Breyer 1516"]
[Site "Hungary"]
[Date "2015.11.08"]
[Round "4.7"]
[White "Szinavel, Zsolt"]
[Black "Rosta, Sandor"]
[Result "1/2-1/2"]
[WhiteElo "2102"]
[BlackElo "2041"]
[PlyCount "177"]
[EventDate "2015.09.13"]
[EventType "team-tourn"]
[EventRounds "11"]
[EventCountry "HUN"]
[SourceTitle "CBM 170 Extra"]
[Source "ChessBase"]
[SourceDate "2016.02.25"]
[SourceVersion "1"]
[SourceVersionDate "2016.02.25"]
[SourceQuality "1"]
[WhiteTeam "Kisber Aszar"]
[BlackTeam "Szazhalombatta"]
[WhiteTeamCountry "HUN"]
[BlackTeamCountry "HUN"]

1. Nf3 Nf6 2. b3 d5 3. Bb2 g6 4. e3 Bg7 5. c4 c6 6. Be2 0-0 7. 0-0 Nbd7 8. Qc2 b6 9. d3 Bb7 10. Nbd2 Rc8 11. Ne5 Nxe5 12. Bxe5 Nd7 13. Bxg7 Kxg7 14. f4 e6 15. Rad1 Kg8 16. Nf3 f6 17. Qb2 Qe7 18. d4 Rce8 19. Rde1 c5 20. Bd3 dxc4 21. Bxc4 Bxf3 22. Rxf3 Kg7 23. Bb5 Rd8 24. Qa3 a5 25. Rf2 e5 26. Rfe2 exf4 27. exf4 Qd6 28. Re7+ Rf7 29. dxc5 Nxc5 30. Rxf7+ Kxf7 31. Qc1 Qd4+ 32. Qe3 Qxe3+ 33. Rxe3 Rd2 34. a3 Rb2 35. h3 f5 36. Bc4+ Kf8 37. Bd5 Rd2 38. Bc6 Rd4 39. Re8+ Kg7 40. Rb8 Nxb3 41. Rxb6 Nc1 42. Rb5 a4 43. Ra5 Ne2+ 44. Kf2 Nxf4 45. Ke3 Rc4 46. Bxa4 Nxg2+ 47. Kf2 Nf4 48. Ra7+ Kf6 49. Bb5 Nxh3+ 50. Kg2 Rc3 51. a4 Nf4+ 52. Kg1 h5 53. a5 Ra3 54. a6 Kg5 55. Rd7 Kg4 56. Kf2 Nh3+ 57. Ke1 f4 58. a7 Ng5 59. Bc6 Nf3+ 60. Ke2 Ne5 61. Rg7 Nxc6 62. Rxg6+ Kf5 63. Rxc6 Rxa7 64. Rh6 Kg5 65. Rh8 Ra3 66. Rg8+ Kh4 67. Kf2 Kh3 68. Rg5 h4 69. Rg8 Rg3 70. Rf8 Rg4 71. Rh8 Rg7 72. Kf3 Ra7 73. Rh6 Ra1 74. Kxf4 Rf1+ 75. Kg5 Rg1+ 76. Kf4 Rg4+ 77. Kf3 Rg8 78. Kf2 Rg4 79. Kf3 Rg8 80. Kf2 Rg3 81. Rh8 Ra3 82. Rg8 Ra1 83. Rg7 Ra2+ 84. Kg1 Ra3 85. Kf2 Rg3 86. Rh7 Rg6 87. Rh8 Rg4 88. Kf3 Rg3+ 89. Kf2 1/2-1/2

[Event "HUN-chT2 Breyer 1314"]
[Site "Hungary"]
[Date "2014.03.02"]
[Round "6"]
[White "Szinavel, Zsolt"]
[Black "Papp, Gabor1111"]
[Result "1-0"]
[WhiteElo "2137"]
[BlackElo "1906"]
[PlyCount "69"]
[EventDate "2013.09.08"]
[EventType "team-tourn"]
[EventRounds "9"]
[EventCountry "HUN"]
[SourceTitle "EXT 2016"]
[Source "ChessBase"]
[SourceDate "2015.10.08"]
[SourceVersion "1"]
[SourceVersionDate "2015.10.08"]
[SourceQuality "1"]
[WhiteTeam "Kisber Aszar"]
[BlackTeam "Gyor Komszomol"]
[WhiteTeamCountry "HUN"]
[BlackTeamCountry "HUN"]

1. e4 e5 2. Nf3 Nc6 3. Bc4 Nf6 4. Nc3 Bc5 5. 0-0 d6 6. h3 a6 7. d3 h6 8. Be3 Bxe3 9. fxe3 Be6 10. Nd5 Bxd5 11. exd5 Na5 12. Nh4 b5 13. Bb3 Nxb3 14. axb3 Nxd5 15. Nf5 0-0 16. Qg4 Qg5 17. Qf3 c6 18. c4 g6 19. cxd5 Qxf5 20. Qxf5 gxf5 21. dxc6 Rfc8 22. Rac1 Rc7 23. d4 exd4 24. exd4 Re8 25. Rxf5 Re4 26. Rd5 Re6 27. Kf2 Kf8 28. g4 Ke7 29. Kf3 Rf6+ 30. Rf5 d5 31. Rxf6 Kxf6 32. Kf4 Ke6 33. b4 f5 34. gxf5+ Kf6 35. Rc5 1-0

[Event "HUN-chT2 Charousek 1011"]
[Site "Hungary"]
[Date "2011.05.15"]
[Round "11"]
[White "Nemeth, Zsolt"]
[Black "Szinavel, Zsolt"]
[Result "1/2-1/2"]
[WhiteElo "1981"]
[BlackElo "2120"]
[PlyCount "112"]
[EventDate "2010.09.12"]
[EventType "team-tourn"]
[EventRounds "11"]
[EventCountry "HUN"]
[SourceTitle "EXT 2012"]
[Source "ChessBase"]
[SourceDate "2011.11.24"]
[SourceVersion "1"]
[SourceVersionDate "2011.11.24"]
[SourceQuality "1"]
[WhiteTeam "Csuti II"]
[BlackTeam "Kisber Aszar"]
[WhiteTeamCountry "HUN"]
[BlackTeamCountry "HUN"]

1. e4 e6 2. d4 d5 3. Nc3 Bb4 4. e5 Ne7 5. Qg4 Nf5 6. Bg5 Qd7 7. a3 h5 8. Qd1 Be7 9. Bxe7 Nxe7 10. Bd3 b6 11. Qe2 a5 12. Nf3 Ba6 13. Nb5 Nf5 14. 0-0 c6 15. Nc3 Bxd3 16. Qxd3 c5 17. dxc5 bxc5 18. b3 Nc6 19. Qb5 Rc8 20. Qe2 Qe7 21. Qd3 g6 22. Rfe1 0-0 23. h3 Kg7 24. Nd1 f6 25. exf6+ Qxf6 26. c3 d4 27. Rc1 e5 28. cxd4 cxd4 29. Rc5 Rfe8 30. Nb2 Nd6 31. Nd2 Re6 32. Ne4 Nxe4 33. Qxe4 Rb8 34. Qd3 Qf5 35. Qc4 Rf8 36. f3 Rff6 37. Nd3 g5 38. Nf2 g4 39. hxg4 hxg4 40. Nxg4 Rg6 41. Rc1 Qf4 42. Qd5 Rd6 43. Qc4 Rxg4 44. Rxc6 Qxf3 45. Rc7+ Kh6 46. Qc2 Rdg6 47. Qd2+ Qf4 48. Qxf4+ exf4 49. Kf2 Rxg2+ 50. Kf3 Rh2 51. Kxf4 d3 52. Rd7 d2 53. Rd1 Rb6 54. R1xd2 Rxd2 55. Rxd2 Rxb3 56. Ra2 a4 1/2-1/2